01147ngm a2200337 i 450000500170000000700100001700800410002702000180006802000180008604000350010404100080013908200220014708200160016911000370018524500630022226400350028530000490032033600580036933700230042733800310045049000410048152100530052265000350057565000310061065000350064165000410067665000420071765000220075994200130078199900150079420220317001342.0vd cvbius210909s2005 ck j s vcspa d a9781563319934 a7705127005060 aCO-BoRNBPbspaerdacCO-BoRNBP0 aspa04a612.6 bD37a122204a612.6bD37a2 aDiscovery Communications918967710aAtlas del cuerpo humano, 7bsexocDiscovery Communications 1aBogotábMS Tv & Videosc2005 a1 DVD (30 minutos)bestéreo, color c12 cm aimagen bidimensional en movimiento btdi2rdacontent avideobv2rdamedia avideodiscobvd2rdacarrier0 aDiscovery Channel. Estudios sociales aRecomendado para un público mayor de 12 años17aAnatomía humana vDVD 2LEMB17aCuerpo humano vDVD 2LEMB17aEducación sexualvDVD 2LEMB17aAparato genital femeninovDVD 2LEMB17aAparato genital masculinovDVD 2LEMB17aSexo vDVD 2LEMB 2ddccDVD c6701d6701